Elenca la formazione - Quiz n°22 - Statistics

Statistiche generali
  • Questo quiz è stato fatto 132 volte
  • Il punteggio medio è 7 su 11
Statistiche sulle risposte
Ruolo Nazione Calciatore % Corretto
Portiere Repubblica Ceca Petr Čech
96%
Attaccante Gabon Pierre-Emerick Aubameyang
89%
Centrocampista Svizzera Granit Xhaka
82%
Trequartista Germania Mesut Özil
79%
Difensore Grecia Sōkratīs Papastathopoulos
71%
Attaccante Francia Alexandre Lacazette
69%
Centrocampista Uruguay Lucas Torreira
67%
Difensore Francia Laurent Koscielny
61%
Centrocampista Bosnia ed Erzegovina Sead Kolašinac
48%
Difensore Spagna Nacho Monreal
31%
Centrocampista Inghilterra Ainsley Maitland-Niles
17%
Nessun quiz corrispondente trovato
Distribuzione punteggi
Percentuale di utenti per punteggio
Percentile per numero di risposta
I tuoi punteggi nel tempo
Non hai fatto questo quiz